Score 0/50 Timer 08:00
4 Plays Today
% Correct
Washington
80.3%
Nevada
79.6%
Alabama
79.6%
Hawaii
79.6%
Alaska
79.5%
California
79.3%
South Carolina
79.2%
Oregon
79.2%
New Mexico
79%
Maine
78.9%
Florida
78.8%
Georgia
78.7%
North Dakota
78.1%
Utah
78.1%
Indiana
77.5%
North Carolina
77.5%
New Jersey
77.4%
Montana
77.4%
New
Hampshire
77.3%
Idaho
77.2%
Arkansas
77.2%
Texas
76.9%
Arizona
76.8%
Mississippi
76.6%
Michigan
76.6%
% Correct
Wyoming
76.3%
Colorado
76.1%
Louisiana
76%
Minnesota
75.7%
Ohio
75.6%
West Virginia
75.6%
New York
75.5%
Massachusetts
75.5%
Maryland
75.3%
Pennsylvania
75.2%
Tennessee
75.1%
Vermont
75.1%
Connecticut
74.8%
Oklahoma
74.6%
Rhode
Island
74.1%
Nebraska
74.1%
Iowa
74%
Kentucky
74%
Kansas
73.9%
Wisconsin
73.7%
Illinois
73.6%
Virginia
73.4%
Missouri
73%
Delaware
72.9%
South Dakota
72.8%
Remove Ads.
Support Sporcle.
Get the best of Sporcle when you Go Orange. This ad-free experience offers more features, more stats, and more fun while also helping to support Sporcle. Thank you for becoming a member.

You're not logged in!

Compare scores with friends on all Sporcle quizzes.
OR
Log In

Show Comments

Extras

Top Quizzes Today


Score Distribution

Your Account Isn't Verified!

In order to create a playlist on Sporcle, you need to verify the email address you used during registration. Go to your Sporcle Settings to finish the process.

Report this User

Report this user for behavior that violates our Community Guidelines.

Details: